000 00613nam a2200205Ii 4500
003 JO-AjNU
008 230605s9999||||xx |||||||||||||| ||und||
040 _aJO-AjNU
_bara
_erda
_cJO-AjNU
041 _aara
050 1 4 _aQA76.73.B3.M362 1987
100 3 _aمنصور، عوض,
_eauthor
_945744
245 0 0 _aبرمجة بيسك للمبتدئين
250 _aط1
264 3 1 _aاربد:مكتبة كتاني ، 1987
300 _a237ص
336 _atext
_btxt
_2rdacontent
337 _aunmediated
_bn
_2rdamedia
338 _avolume
_bnc
_2rdacarrier
650 4 _aبيسك - لغة البرمجة
_945745
999 _aA19851
_c23419
_d23419